King Crimson Songs Using Any Word - Statistics

General Stats
  • This quiz has been taken 203 times
  • The average score is 64 of 100
Answer Stats
Answer % Correct
I Talk to the Wind
100%
The Power to Believe I: A Cappella
100%
Radio I
99%
The Court of the Crimson King
99%
Inner Garden I
98%
In the Wake of Poseidon
98%
The Power to Believe II
98%
Three of a Perfect Pair
98%
Pictures of a City
96%
Ladies of the Road
95%
Lady of the Dancing Water
95%
Larks' Tongues in Aspic, Part One
95%
Larks' Tongues in Aspic, Part Two
95%
Peace - A Beginning
95%
Peace - A Theme
95%
Prelude: Song of the Gulls
95%
The ConstruKction of Light
95%
The Power to Believe III
95%
The Power to Believe IV: Coda
95%
The Night Watch
94%
The World's My Oyster Soup Kitchen Floor Wax Museum
94%
Into the Frying Pan
93%
Larks' Tongues in Aspic, Part III
93%
Larks' Tongues in Aspic, Part IV
93%
The Devil's Triangle
93%
The Great Deceiver
93%
The Howler
93%
The Letters
93%
The Mincer
93%
The Sheltering Sky
93%
The Talking Drum
93%
Sartori in Tangier
92%
21st Century Schizoid Man
90%
Man With an Open Heart
90%
One More Red Nightmare
90%
Red
89%
Starless and Bible Black
89%
Happy With What You Have to Be Happy With
86%
Peace - An End
85%
Book of Saturday
79%
Discipline
79%
Neal and Jack and Me
78%
Lizard
76%
Cadence and Cascade
73%
Epitaph
73%
Starless
73%
Islands
72%
Facts of Life
71%
Facts of Life: Intro
71%
Model Man
71%
Waiting Man
70%
Walking on Air
67%
Heaven and Earth
66%
Moonchild
66%
One time
65%
Inner Garden II
62%
Elephant Talk
61%
Radio II
61%
Two Hands
60%
Indiscipline
59%
Thrak
59%
Thela Hun Ginjeet
52%
We'll Let You Know
52%
Fallen Angel
50%
Level Five
50%
Matte Kudasai
50%
Dig Me
49%
Frame By Frame
49%
Cat Food
48%
Formentera Lady
47%
Providence
47%
Easy Money
46%
Cirkus
44%
Happy Family
39%
Exiles
37%
Fracture
36%
Sex Sleep Eat Drink Dream
33%
Vroom Vroom: Coda
32%
No Warning
31%
Heartbeat
30%
Vroom
30%
Vroom Vroom
30%
Lament
28%
Sailor's Tale
27%
Dinosaur
26%
Indoor Games
24%
Coda: Marine 475
23%
Industry
23%
Nuages (That Which Passes, Passes Like Clouds)
23%
Sleepless
23%
Requiem
21%
Trio
21%
Neurotica
18%
ProzaKc Blues
17%
Frakctured
15%
People
15%
Eyes Wide Open
14%
Elektrik
11%
B'Boom
9%
Dangerous Curves
8%
No matching quizzes found
Score Distribution
Percent of People with Each Score
Percentile by Number Answered
Your Score History
You have not taken this quiz